Subsurface layer formation during sliding friction; Wear; Vol. 249, iss. 10-11

Chi tiết về thư mục
Parent link:Wear: Scientific Journal
Vol. 249, iss. 10-11.— 2001.— [P. 860-867]
Tác giả khác: Panin V. E. Viktor Evgenyevich, Kolubaev A. V. Aleksander Viktorovich, Tarasov S. Yu. Sergei Yulievich, Popov V.
Tóm tắt:Title screen
Considering recent experimental studies and analysis of the literature, the authors substantiate the potential of physical mesomechanics for describing structural degradation of subsurface structures during friction and wear. Physical mesomechanics may be a useful approach for constructing a generalized hierarchical model that has its origin in vortical “shear+rotation” motion of mesovolumes resulting in formation of wear particles. The most important constituents of such a model are mechanical cyclic and thermal actions, both related to the interplay between the surface microirregularities, localization of strain and fragmentation of material at different scale levels
Режим доступа: по договору с организацией-держателем ресурса
Ngôn ngữ:Tiếng Anh
Được phát hành: 2001
Những chủ đề:
Truy cập trực tuyến:http://www.sciencedirect.com/science/article/pii/S0043164801008195
Định dạng: MixedMaterials Điện tử Chương của sách
KOHA link:https://koha.lib.tpu.ru/cgi-bin/koha/opac-detail.pl?biblionumber=636227

MARC

LEADER 00000nla0a2200000 4500
001 636227
005 20250318143235.0
035 |a (RuTPU)RU\TPU\network\113 
035 |a RU\TPU\network\111 
090 |a 636227 
100 |a 20131016d2001 k||y0rusy50 ba 
101 0 |a eng 
102 |a US 
135 |a drcn ---uucaa 
181 0 |a i  
182 0 |a b 
200 1 |a Subsurface layer formation during sliding friction  |f V. E. Panin [et al.] 
203 |a Text  |c electronic 
300 |a Title screen 
330 |a Considering recent experimental studies and analysis of the literature, the authors substantiate the potential of physical mesomechanics for describing structural degradation of subsurface structures during friction and wear. Physical mesomechanics may be a useful approach for constructing a generalized hierarchical model that has its origin in vortical “shear+rotation” motion of mesovolumes resulting in formation of wear particles. The most important constituents of such a model are mechanical cyclic and thermal actions, both related to the interplay between the surface microirregularities, localization of strain and fragmentation of material at different scale levels 
333 |a Режим доступа: по договору с организацией-держателем ресурса 
461 |t Wear  |o Scientific Journal 
463 |t Vol. 249, iss. 10-11  |v [P. 860-867]  |d 2001 
610 1 |a электронный ресурс 
610 1 |a труды учёных ТПУ 
610 1 |a friction 
610 1 |a трение 
610 1 |a physical mesomechanics 
610 1 |a физическая мезомеханика 
610 1 |a wear 
610 1 |a износ 
610 1 |a structures 
610 1 |a структуры 
701 1 |a Panin  |b V. E.  |c Director of Russian materials science center  |c Research advisor of Institute of strength physics and materials science of Siberian branch of Russian Academy of Sciences  |f 1930-  |g Viktor Evgenyevich  |3 (RuTPU)RU\TPU\pers\26443 
701 1 |a Kolubaev  |b A. V.  |c physicist  |c Professor of Tomsk Polytechnic University, Doctor of physical and mathematical sciences  |f 1948-  |g Aleksander Viktorovich  |3 (RuTPU)RU\TPU\pers\31404 
701 1 |a Tarasov  |b S. Yu.  |c specialist in the field of mechanical engineering  |c Professor of Tomsk Polytechnic University, Doctor of technical sciences  |f 1959-  |g Sergei Yulievich  |3 (RuTPU)RU\TPU\pers\31400  |9 15572 
701 1 |a Popov  |b V. 
801 2 |a RU  |b 63413507  |c 20150226  |g RCR 
856 4 |u http://www.sciencedirect.com/science/article/pii/S0043164801008195 
942 |c CF